Statistics for 2022 Winter Olympic Sports

Click here to take the quiz!

General Stats

  • This quiz has been taken 56 times
  • The average score is 6 of 7

Answer Stats

Sport % Correct
Skiing
96%
Skating
96%
Curling
87%
Bobsleigh
81%
Ice Hockey
81%
Biathlon
67%
Luge
63%

Score Distribution

Percentile by Number Answered

Percent of People with Each Score

Your Score History

You have not taken this quiz